[Event "Winter CCCSA-GM 2020"]
[Site "Charlotte"]
[Date "2020.01.17"]
[Round "1.1"]
[White "Mishra, Abhimanyu"]
[Black "Jacobson, Brandon"]
[Result "0-1"]
[WhiteElo "2397"]
[BlackElo "2470"]
[Annotator "TA"]
[PlyCount "114"]
[EventDate "2020.01.17"]
[EventType "tourn"]
[EventCountry "USA"]
[SourceTitle "playchess.com"]
[Source "ChessBase"]
[SourceQuality "1"]

{[%evp 24,114,53,41,46,37,41,32,20,20,29,31,29,29,35,25,25,19,33,12,25,22,25,11,0,4,14,0,0,0,0,0,-6,-21,-12,-54,-45,-47,-2,-1,-19,-124,-118,-126,-120,-90,-88,-133,-113,-145,-135,-135,-130,-198,-201,-206,-198,-230,-241,-225,-227,-390,-402,-350,-378,-338,-287,-1000,-765,-1391,-1333,-29979,-2225,-29980,-29981,-29981,-29982,-29982,-29983,-29983,-29984,-29984,-29985,-29988,-29989,-29989,-29990,-29993,-29994,-29995,-29992,-29996,-29997]} 1. e4 c5 2. Nf3 Nc6 3. d4 cxd4 4. Nxd4 Nf6 5. Nc3 d6 6. Bg5 e6 7. Qd2 a6 8. O-O-O Bd7 9. f4 Be7 10. Nf3 b5 11. Bxf6 gxf6 12. Kb1 Qb6 13. Bd3 O-O-O {B69: Sicilian: Richter-Rauzer: 7...a6 8 0-0-0 Bd7 9 f4 Be7 10 Nf3 b5 11 Bxf6} 14. Rhe1 Kb8 15. Nd5 exd5 {White is slightly better.} 16. exd5 Ne5 $1 {[%cal Re5f3]} 17. fxe5 fxe5 18. Qh6 {[#]} Qc7 $146 ({Predecessor:} 18... Qc5 19. Qh5 Rdf8 20. Bf5 Bxf5 21. Qxf5 {1-0 (48) Timman,J (2610)-Ivanovic,B (2525) Bugojno 1984}) 19. Qh5 Rdg8 20. Qxf7 Qd8 21. Be4 (21. Nxe5 $5 dxe5 22. d6 $14) 21... Bf6 {[#] ...h5 is the strong threat.} 22. Qh5 $1 h6 {Hoping for ...Bg4.} 23. Bf5 Bxf5 24. Qxf5 Rxg2 25. Rd2 (25. Rf1 {with more complications.} Rhg8 26. Ne1 R2g6 27. Nd3 a5 28. Nf2) 25... Rhg8 26. Rxg2 Rxg2 27. Qe4 {[%cal Rf3e5] aiming for Nxe5.} Qg8 28. a3 Qg4 {next ...Qxe4 is good for Black.} 29. Qxg4 (29. Nd2 {is more complex.} Bd8 30. c4 h5 31. Qxg4 hxg4 32. Ne4) 29... Rxg4 $11 {[%mdl 4096] Endgame KRB-KRN} 30. Nd2 Rd4 31. Ne4 $1 {[%cal Re4f6]} Bh4 32. Re3 (32. c3 $1 $11 {keeps the balance.}) 32... Rd1+ $17 33. Ka2 Rxd5 34. Rh3 Bg5 $1 35. Nxg5 hxg5 {KR-KR} 36. Kb3 Rd4 37. Rg3 g4 38. h3 (38. c3 $17 Rf4 39. h4) 38... gxh3 $19 39. Rxh3 Kc7 40. Kc3 Rd1 41. Rh7+ Kc6 42. Ra7 $2 (42. Kb4) 42... e4 43. Re7 d5 44. Kb4 {[#]} a5+ $1 {[%cal Ba6a5,Ba5a4][%mdl 544]} 45. Kb3 $2 (45. Kxa5 Rc1 46. Kb4) 45... Kc5 46. c3 Rd2 47. Re6 a4+ 48. Ka2 Kc4 {Black mates.} 49. Re5 Rd1 50. Re6 Kd3 51. Re5 Ke2 52. Rh5 e3 53. Rh2+ Kd3 54. Rh3 Kd2 55. b3 e2 56. Rh2 Kd3 57. Rh3+ Kc2 {Accuracy: White = 36%, Black = 94%.} 0-1

[Event "Winter CCCSA-GM 2020"]
[Site "Charlotte"]
[Date "2020.01.17"]
[Round "1.3"]
[White "Hong, Andrew"]
[Black "Plotkin, Mark"]
[Result "1-0"]
[WhiteElo "2428"]
[BlackElo "2395"]
[Annotator "TA"]
[PlyCount "127"]
[EventDate "2020.01.17"]
[EventType "tourn"]
[EventCountry "USA"]
[SourceTitle "playchess.com"]
[Source "ChessBase"]
[SourceQuality "1"]

{[%evp 9,127,38,56,58,58,48,38,32,47,18,15,10,14,11,9,15,13,27,24,27,14,19,12,16,11,21,32,-42,-30,-41,-38,-79,-64,-56,-33,-26,-10,-22,0,0,0,0,3,0,0,0,0,0,0,0,0,0,63,57,98,95,106,95,87,83,98,101,106,113,154,127,141,154,185,165,247,223,467,460,418,322,320,314,379,374,402,436,414,433,453,469,465,463,461,460,404,391,436,425,373,368,666,658,833,858,1074,1359,5089,2342,29982,29979,29979,1237,1506,1425,29983,29984,29981,1725,29984,29985,29989,29990,29990,29991]} 1. e4 g6 2. d4 Bg7 3. Nc3 d6 4. Be3 Nf6 5. Qd2 Ng4 6. Bf4 {B07: Pirc Defence: Miscellaneous Systems} (6. Bg5 h6 7. Bh4 c6 8. Bc4 O-O 9. Nf3 b5 10. Bb3 a5 11. a3 Bb7 12. O-O Nd7 13. Rad1 b4 14. Na4 g5 15. Nxg5 hxg5 16. Qxg5 {0-1 (34) Khismatullin,D (2666)-Kalegin,E (2460) Kazan 2015}) 6... Nc6 {[%cal Bb8c6,Bc6e5,Be5d7,Bd7b6,Bb6c4][%mdl 32]} 7. d5 $146 ({Predecessor:} 7. Nf3 O-O 8. h3 e5 9. Bg5 Nf6 10. dxe5 Nxe5 11. Nxe5 dxe5 12. Qxd8 Rxd8 13. Nd5 Rd6 14. Nxc7 {1-0 (29) Mengual Escobar,C (1707)-Pelaez,H (1737) Dosquebradas 2018}) 7... Nce5 8. h3 {White is slightly better.} Nf6 9. Be3 c6 10. f4 Ned7 11. g4 cxd5 12. exd5 a6 13. Nge2 b5 14. Bg2 Nb6 15. Bd4 Nc4 16. Qc1 O-O 17. b3 Nb6 18. a4 (18. Qe3 $14 Rb8 19. a3) 18... Bb7 $15 19. axb5 axb5 20. Nxb5 {Black must now prevent c4.} Bxd5 21. Rxa8 Bxa8 22. Bxa8 Qxa8 23. O-O Rc8 24. c4 Nbd7 25. Qe3 Nc5 26. Ng3 Qb7 27. Ra1 {White wants to play Ra7.} Ne6 28. Ra7 Qc6 29. Rxe7 Nxd4 30. Nxd4 ({Reject} 30. Qxd4 Nxg4 31. Qd5 Qxd5 $17) 30... Qc5 (30... Qa8 $1 $11 31. Nf3 Bf8) 31. Nf3 $36 {[%mdl 2048] White is pushing.} Nd7 32. Kf2 Qxe3+ 33. Rxe3 Bb2 34. Ne2 Nc5 35. b4 Na4 36. Nd2 Nb6 37. Rb3 Bg7 38. Ke3 Ra8 {[#]} 39. Nc3 $1 Kf8 (39... Bxc3 $142 40. Rxc3 Ra4) 40. Nd5 $18 Rb8 $2 (40... Nxd5+ 41. cxd5 Ke7) 41. Nxb6 Rxb6 {[%mdl 4096] Endgame KRB-KRN} 42. Ne4 Ke7 43. b5 Rb7 44. Ra3 f5 45. gxf5 gxf5 46. Nc3 Bxc3 47. Rxc3 {KR-KR} Ra7 48. Rb3 Kd7 49. Kd4 Ra1 50. Rg3 Rf1 51. Rg7+ Ke6 52. Ke3 Re1+ $2 (52... h5 53. Rg6+ Kd7) 53. Kd3 h5 54. b6 {[%cal Bb5b6,Bb6b7][%mdl 32]} Rb1 55. b7 h4 56. Rh7 (56. Kc2 $142 Rb4 57. Rh7) 56... d5 57. Rh6+ Kd7 58. cxd5 (58. c5 $142 Kc7 59. c6 Rb4 60. Rh8 Rb3+ {[#]} 61. Kd4 $1 {[%mdl 512]} Rb2 62. Rc8+ Kd6 63. b8=Q+ Rxb8 64. Rxb8) 58... Kc7 59. Kd4 Re1 60. Rh7+ Kb8 61. Kc5 (61. d6 $142 Rd1+ 62. Ke5 Rd2 63. d7 Re2+ 64. Kxf5 Rd2 65. Ke6 Rd3 66. Rh8+ Kxb7 67. d8=Q {[%mdl 64] Double Attack}) 61... Re3 62. d6 {White mates.} Rd3 63. d7 Rd1 64. Rh8+ {Accuracy: White = 71%, Black = 49%.} 1-0

[Event "Winter CCCSA-GM 2020"]
[Site "Charlotte"]
[Date "2020.01.17"]
[Round "1.4"]
[White "Korley, Kassa"]
[Black "Yu, Jennifer"]
[Result "1-0"]
[WhiteElo "2416"]
[BlackElo "2321"]
[Annotator "TA"]
[PlyCount "81"]
[EventDate "2020.01.17"]
[EventType "tourn"]
[EventCountry "USA"]
[SourceTitle "playchess.com"]
[Source "ChessBase"]
[SourceQuality "1"]

{[%evp 18,81,17,17,23,19,10,14,31,31,25,16,8,6,22,14,37,0,0,-9,-14,-30,-12,-17,-6,-33,-37,-29,-40,-47,16,0,0,0,52,51,73,85,79,44,129,107,133,112,148,139,137,131,143,147,141,136,277,274,272,284,274,93,335,314,787,765,1028,922,922,701]} 1. e4 e5 2. Nf3 Nc6 3. d4 exd4 4. Nxd4 Nf6 5. Nc3 d6 6. Bb5 Bd7 7. O-O Be7 8. Re1 O-O 9. Bf1 Re8 10. h3 Bf8 {C66: Ruy Lopez: Steinitz Defence} (10... Nxd4 11. Qxd4 Bc6 12. Be3 d5 13. e5 Ne4 14. Rad1 Nxc3 15. Qxc3 Qd7 16. f4 Bb5 17. Qb3 Bc6 18. Bd4 {1-0 (28) Agopov,M (2431)-Pihlajasalo,A (2438) Finland 2013}) 11. Bg5 h6 12. Bf4 g6 $146 {The position is equal.} ({Predecessor:} 12... a6 13. a3 b5 14. Qd2 Ne5 15. Rad1 Ng6 16. Bg3 c5 17. Nde2 a5 18. f3 {½-½ (50) Pallett,R (2093)-Faber,F (2004) ICCF email 2015}) 13. Nf3 Ne5 14. Nxe5 dxe5 15. Be3 c6 16. Qd2 Kh7 17. Rad1 (17. Bc4 $5 {[%cal Rc4f7]}) 17... Be6 18. Qc1 Qc7 19. f4 exf4 20. Bxf4 Qb6+ 21. Kh1 Rad8 22. Bd3 Nh5 23. Bh2 Be7 ({Better is} 23... Qf2 $15 24. Bg1 Qh4) 24. Rf1 $11 Bg5 25. Qa1 f6 (25... Be3 $11) 26. Rf3 $14 Rf8 27. Rdf1 Ng7 28. b3 (28. Bg1 $5 {[%cal Rg1b6]} Qa5 29. Qe1 $16) 28... h5 ({Black should play} 28... Qb4 $14) 29. Ne2 Rf7 30. Bf4 {[#] aiming for Bxg5.} Rdf8 31. Bxg5 fxg5 32. Rxf7 Rxf7 33. Rxf7 Bxf7 34. Qf6 Be8 (34... Kg8 $16) 35. Qxg5 $18 Qf2 36. Nf4 h4 37. e5 $2 {[#]} (37. Kh2 $18) 37... Kg8 $2 (37... Qg3 $16 38. Qxg3 hxg3) 38. Kh2 ({Don't take} 38. Bxg6 Qg3) ({Not} 38. Nxg6 Bxg6 39. Bxg6 (39. Qxg6 Qe1+ 40. Kh2 Qxe5+ 41. g3 Kf8 $16) 39... Ne6 $16) 38... Qe3 $2 (38... Qg3+ 39. Qxg3 hxg3+ 40. Kxg3 g5) 39. Bc4+ {White is clearly winning.} Kh7 40. Qxh4+ Nh5 41. Nxh5 {Accuracy: White = 57%, Black = 30%.} 1-0

[Event "Winter CCCSA-GM 2020"]
[Site "Charlotte"]
[Date "2020.01.17"]
[Round "1.5"]
[White "Paragua, Mark"]
[Black "Panchanathan, Magesh Chandran"]
[Result "1/2-1/2"]
[WhiteElo "2506"]
[BlackElo "2482"]
[Annotator "TA"]
[PlyCount "36"]
[EventDate "2020.01.17"]
[EventType "tourn"]
[EventCountry "USA"]
[SourceTitle "playchess.com"]
[Source "ChessBase"]
[SourceQuality "1"]

{[%evp 19,34,-16,0,0,4,0,0,0,0,0,0,0,0,0,0,0,50]} 1. e4 e5 2. Nf3 Nc6 3. d4 exd4 4. Nxd4 Nf6 5. Nxc6 bxc6 6. e5 Qe7 7. Qe2 Nd5 8. c4 Ba6 9. b3 g6 10. f4 Qb4+ {The position is equal.} 11. Bd2 {C45: Scotch Game} Qb6 {[#] aiming for ...Qd4.} 12. Nc3 Bb4 13. Nxd5 cxd5 14. Bxb4 Qxb4+ 15. Qd2 Qxd2+ 16. Kxd2 dxc4 17. Bxc4 Bb7 {Predecessor:} 18. Rhg1 $146 O-O-O {0-1 (65) Ssegwanyi,A (2373)-Amin,B (2633) Abidjan 2018} 1/2-1/2

[Event "Winter CCCSA-GM 2020"]
[Site "Charlotte"]
[Date "2020.01.17"]
[Round "2.1"]
[White "Mishra, Abhimanyu"]
[Black "Yip, Carissa"]
[Result "1/2-1/2"]
[WhiteElo "2397"]
[BlackElo "2418"]
[Annotator "ChessBase"]
[PlyCount "50"]
[EventDate "2020.01.17"]
[EventType "tourn"]
[EventCountry "USA"]
[SourceTitle "playchess.com"]
[Source "ChessBase"]
[SourceQuality "1"]
[TimeControl "5400+30"]

1. e4 {[%emt 1:30:30]} c5 {[%emt 1:30:30]} 2. Nf3 {[%emt 0:00:30]} Nc6 {[%emt 0:00:30]} 3. d4 {[%emt 0:00:30]} cxd4 {[%emt 0:00:30]} 4. Nxd4 {[%emt 0:00:30]} g6 {[%emt 0:00:30]} 5. c4 {[%emt 0:00:30]} Nf6 {[%emt 0:00:30]} 6. Nc3 {[%emt 0:00:30]} Nxd4 {[%emt 0:00:30]} 7. Qxd4 {[%emt 0:00:30]} d6 {[%emt 0:00:30]} 8. Be3 {[%emt 0:00:30]} Bg7 {[%emt 0:00:30]} 9. f3 {[%emt 0:00:30]} O-O {[%emt 0:00:30]} 10. Qd2 {[%emt 0:00:30]} Be6 {[%emt 0:00:30]} 11. Rc1 {[%emt 0:00:30]} Qa5 {[%emt 0:00:30]} 12. Be2 {[%emt 0:00:30]} Rfc8 {[%emt 0:00:30]} 13. b3 {[%emt 0:00:30]} a6 {[%emt 0:00:30]} 14. Na4 {[%emt 0:00:30]} Qxd2+ {[%emt 0:00:30]} 15. Kxd2 {[%emt 0:00:30]} Nd7 {[%emt 0:00:30]} 16. g4 {[%emt 0:00:30]} Rcb8 {[%emt 0:00:30]} 17. Nc3 {[%emt 0:00:30]} b5 {[%emt 0:00:30]} 18. Nd5 {[%emt 0:00:30]} Bxd5 {[%emt 0:00:30]} 19. cxd5 {[%emt 0:00:30]} Kf8 {[%emt 0:00:30]} 20. h4 {[%emt 0:00:30]} b4 {[%emt 0:00:30]} 21. f4 {[%emt 0:00:30]} Rc8 {[%emt 0:00:30]} 22. g5 {[%emt 0:00:30]} Bc3+ {[%emt 0:00:30]} 23. Kc2 {[%emt 0:00:30]} Nc5 {[%emt 0:00:30]} 24. Bxc5 {[%emt 0:00:30]} Rxc5 {[%emt 0:00:30]} 25. Bc4 {[%emt 0:00:30]} Bg7 {[%emt 0:00:30]} 1/2-1/2

[Event "Winter CCCSA-GM 2020"]
[Site "Charlotte"]
[Date "2020.01.17"]
[Round "2.2"]
[White "Yu, Jennifer"]
[Black "Paragua, Mark"]
[Result "0-1"]
[WhiteElo "2321"]
[BlackElo "2506"]
[Annotator "TA"]
[PlyCount "132"]
[EventDate "2020.01.17"]
[EventType "tourn"]
[EventCountry "USA"]
[SourceTitle "playchess.com"]
[Source "ChessBase"]
[SourceQuality "1"]

{[%evp 20,132,37,22,41,46,30,45,46,47,57,57,58,5,12,8,47,-15,-34,-16,6,-1,-2,-9,0,0,0,0,0,0,0,0,5,-5,1,-16,-7,-27,-25,-26,-18,-19,6,0,6,8,12,-38,-40,-38,-38,-147,-116,-123,-113,-123,-90,-135,-118,-174,-182,-209,-164,-214,-129,-124,-120,-123,-123,-189,-172,-268,-239,-286,-263,-314,-306,-337,-311,-398,-411,-437,-447,-420,-435,-404,-457,-416,-409,-487,-454,-529,-525,-1748,-458,-613,-593,-616,-616,-615,-615,-480,-606,-587,-578,-585,-397,-552,-532,-29983,-29984,-29990,-29991,-29993,-29994]} 1. d4 Nf6 2. c4 g6 3. g3 Bg7 4. Bg2 O-O 5. Nc3 d6 6. Nf3 c5 7. O-O Nc6 8. dxc5 dxc5 9. Bf4 Be6 10. Ne5 Na5 11. Qa4 Nh5 {E65: King's Indian: Fianchetto: 6...c5 7 0-0 without d5 by White} 12. Rfd1 Qb6 {White must now prevent ...Bxe5.} 13. Nd5 Bxd5 {White is slightly better.} 14. cxd5 Qb4 (14... Nxf4 15. gxf4 Rfd8 16. Rac1 c4 17. b4 cxb3 18. axb3 Nxb3 19. Rb1 {½-½ (45) Potkin,V (2684)-Fedorov,A (2579) Warsaw 2011}) 15. Qxb4 cxb4 16. Nd3 $146 ({Better is} 16. Rac1 $14) ({Predecessor:} 16. Rac1 Rfc8 17. b3 Rc3 18. Nd3 Nxf4 19. gxf4 Rac8 20. e4 Rxc1 21. Rxc1 Rxc1+ 22. Nxc1 Bc3 23. Kf1 b6 24. Ke2 Nb7 25. Ke3 Kf8 {½-½ (25) Dolezal,P (2087)-Rivas Maceda,J (2383) ICCF email 2016}) 16... Nxf4 $11 17. gxf4 Rac8 18. Nxb4 ({White should try} 18. e4 $14) 18... Bxb2 {Threatens to win with ...Rc4.} 19. Rab1 Bg7 20. Rbc1 Rfd8 21. e3 Rc3 22. Rxc3 Bxc3 23. Nd3 Rc8 24. Rc1 Kf8 25. Bf1 Ke8 26. Kg2 Kd8 27. Kf3 Rc7 28. e4 b5 29. Rc2 b4 30. Nc1 f5 31. exf5 gxf5 32. Bd3 Nc4 33. Bxc4 Rxc4 {[%mdl 4096] Endgame KRB-KRN} 34. Ne2 Kd7 35. Ng3 ({Only move:} 35. Ke3 $1 $15) 35... Rd4 36. Nxf5 Rxd5 37. Ne3 Rd4 38. Re2 a5 39. Nf5 (39. Rc2 $17) 39... Rd3+ $19 40. Ke4 Rd1 41. Kf3 e6 42. Ne3 Rd4 43. f5 e5 44. Kg3 {[#]} (44. Rc2 $17) 44... h5 $1 45. Nc2 (45. Rc2 $142) 45... Rg4+ 46. Kf3 Rf4+ 47. Ke3 Rxf5 48. Kd3 Kc6 49. Kc4 Rf4+ 50. Kb3 Kb5 {[%csl Gb5][%cal Ra5a4]} 51. Na3+ Kc5 ({Weaker is} 51... bxa3 52. Kxc3 Rf3+ 53. Re3 $17) 52. Nb1 Bd4 53. Nd2 Kb5 54. a4+ Kc5 55. f3 Kd5 56. Re4 {[#]} Rf5 (56... Rxf3+ $142 $1 {[%mdl 512]} 57. Nxf3 Kxe4) 57. Kc2 Rf8 58. Rh4 Rc8+ 59. Kd1 Rc3 60. Rxh5 b3 {[%cal Bb4b3,Bb3b2][%mdl 32]} 61. Rh8 b2 62. Rb8 Rc1+ 63. Ke2 Bc3 64. Ne4 Bb4 {Black mates.} 65. Rb5+ Kd4 66. Nd2 {[#]} Rc2 $1 {[%mdl 512] Accuracy: White = 36%, Black = 73%.} 0-1

[Event "Winter CCCSA-GM 2020"]
[Site "Charlotte"]
[Date "2020.01.17"]
[Round "2.3"]
[White "Plotkin, Mark"]
[Black "Korley, Kassa"]
[Result "1-0"]
[WhiteElo "2395"]
[BlackElo "2416"]
[Annotator "ChessBase"]
[PlyCount "47"]
[EventDate "2020.01.17"]
[EventType "tourn"]
[EventCountry "USA"]
[SourceTitle "playchess.com"]
[Source "ChessBase"]
[SourceQuality "1"]
[TimeControl "5400+30"]

1. e4 {[%emt 1:30:30]} c5 {[%emt 1:30:30]} 2. Nf3 {[%emt 0:00:30]} Nc6 {[%emt 0:00:30]} 3. d4 {[%emt 0:00:30]} cxd4 {[%emt 0:00:30]} 4. c3 {[%emt 0:00:30]} Nf6 {[%emt 0:00:30]} 5. e5 {[%emt 0:00:30]} Nd5 {[%emt 0:00:30]} 6. Bc4 {[%emt 0:00:30]} e6 {[%emt 0:00:30]} 7. cxd4 {[%emt 0:00:30]} d6 {[%emt 0:00:30]} 8. O-O {[%emt 0:00:30]} Nb6 {[%emt 0:00:30]} 9. Bd3 {[%emt 0:00:30]} dxe5 {[%emt 0:00:30]} 10. Nxe5 {[%emt 0:00:30]} Be7 {[%emt 0:00:30]} 11. Nc3 {[%emt 0:00:30]} Bf6 {[%emt 0:00:30]} 12. Ne4 {[%emt 0:00:30]} Nxe5 {[%emt 0:00:30]} 13. Nxf6+ {[%emt 0:00:30]} Qxf6 {[%emt 0:00:30]} 14. dxe5 {[%emt 0:00:30]} Qxe5 {[%emt 0:00:30]} 15. Re1 {[%emt 0:00:30]} Qf6 {[%emt 0:00:30]} 16. Qh5 {[%emt 0:00:30]} Bd7 {[%emt 0:00:30]} 17. Bg5 {[%emt 0:00:30]} Qxb2 {[%emt 0:00:30]} 18. Rad1 {[%emt 0:00:30]} Qxa2 {[%emt 0:00:30]} 19. Re3 {[%emt 0:00:30]} Nd5 {[%emt 0:00:30]} 20. Rf3 {[%emt 0:00:30]} Nf6 {[%emt 0:00:30]} 21. Rxf6 {[%emt 0:00:30]} gxf6 {[%emt 0:00:30]} 22. Bxf6 {[%emt 0:00:30]} Qb3 {[%emt 0:00:30]} 23. Qc5 {[%emt 0:00:30]} Qxd1+ {[%emt 0:00:30]} 24. Bf1 {[%emt 0:00:30]} 1-0

[Event "Winter CCCSA-GM 2020"]
[Site "Charlotte"]
[Date "2020.01.17"]
[Round "2.4"]
[White "Ringoir, Tanguy"]
[Black "Hong, Andrew"]
[Result "1-0"]
[WhiteElo "2498"]
[BlackElo "2428"]
[Annotator "TA"]
[PlyCount "101"]
[EventDate "2020.01.17"]
[EventType "tourn"]
[EventCountry "USA"]
[SourceTitle "playchess.com"]
[Source "ChessBase"]
[SourceQuality "1"]

{[%evp 11,101,14,21,4,12,12,10,10,10,25,24,8,22,26,63,67,88,73,72,50,76,85,93,36,80,23,98,54,61,58,71,43,37,8,82,90,89,11,41,41,175,161,263,266,266,274,439,223,368,349,708,705,693,650,831,827,842,835,758,738,875,866,895,901,891,886,880,869,1549,1379,5202,4802,8645,6115,4698,3351,29986,29987,29987,29988,29990,29991,29991,29992,29992,29993,29994,29994,29995,29996,29996,29997]} 1. d4 d5 2. c4 e6 3. Nf3 Nf6 4. g3 dxc4 5. Bg2 Bb4+ 6. Bd2 a5 7. Qc2 {E04: Open Catalan: 5 Nf3} Bxd2+ 8. Qxd2 c6 9. a4 {The position is equal.} Ne4 10. Qf4 Qb6 11. Ne5 Qb4+ 12. Nd2 Nxd2 13. Qxd2 ({Not} 13. Qxf7+ Kd8 $17) 13... Nd7 $146 ({Predecessor:} 13... Ra6 14. Qxb4 axb4 15. Nxc4 {1-0 (53) Thybo,J (2576)-Smith,A (2470) Aarhus 2019}) 14. Qxb4 axb4 15. Nxc4 Ra6 16. O-O Ke7 17. e3 (17. f4 $16) 17... Rd8 18. Rfc1 (18. f4 $16) 18... f6 (18... e5 $1 $11 {remains equal.}) 19. Bh3 e5 20. a5 Ra7 21. Rc2 $36 {[%mdl 2048] White has good play.} g6 22. f3 Ra6 (22... exd4 $11 23. exd4 f5) 23. Kf2 $16 h5 24. Rd1 ({White should try} 24. Bxd7 $16 Bxd7 25. dxe5) 24... exd4 25. Rxd4 {[#] Strongly threatening Rcd2.} c5 ({Black should play} 25... Nb6 $14) 26. Rd5 $18 {aiming for Rcd2.} f5 (26... b5 $142) 27. Rcd2 Rf8 28. e4 b5 $2 (28... Nb8 29. Re2 (29. Rxc5 Rc6 $18) 29... f4) 29. Ne3 (29. Nd6 $142) 29... Nf6 (29... Rxa5 {was necessary.} 30. exf5 g5) 30. Rxc5 Ng4+ $2 (30... Rd6) 31. fxg4 fxg4+ 32. Ke1 gxh3 33. Nd5+ {[%mdl 64] Double Attack} Kd6 {[#]} 34. Rxc8 $1 {[%mdl 512]} Rxc8 35. Nxb4+ {[%mdl 64] Discovered Attack} Ke5 36. Nxa6 Kxe4 {[%mdl 4096] Endgame KRN-KR} 37. b4 Rc1+ 38. Ke2 Rh1 39. Nc5+ Kf5 40. Kd3 Kg4 41. Ra2 Rd1+ 42. Ke4 Re1+ 43. Kd4 Rg1 44. a6 {White mates.} Rg2 45. Ra1 Rxh2 46. a7 Rd2+ 47. Nd3 Kxg3 48. a8=Q Rg2 49. Ke3 g5 50. Qf3+ Kh4 51. Ne5 {Accuracy: White = 64%, Black = 31%.} 1-0

[Event "Winter CCCSA-GM 2020"]
[Site "Charlotte"]
[Date "2020.01.17"]
[Round "2.5"]
[White "Jacobson, Brandon"]
[Black "Panchanathan, Magesh Chandran"]
[Result "1/2-1/2"]
[WhiteElo "2470"]
[BlackElo "2482"]
[Annotator "ChessBase"]
[PlyCount "39"]
[EventDate "2020.01.17"]
[EventType "tourn"]
[EventCountry "USA"]
[SourceTitle "playchess.com"]
[Source "ChessBase"]
[SourceQuality "1"]
[TimeControl "5400+30"]

1. c4 {[%emt 1:30:30]} e5 {[%emt 1:30:30]} 2. Nc3 {[%emt 0:00:30]} Nf6 {[%emt 0:00:30]} 3. Nf3 {[%emt 0:00:30]} Nc6 {[%emt 0:00:30]} 4. e4 {[%emt 0:00:30]} g6 {[%emt 0:00:30]} 5. d4 {[%emt 0:00:30]} exd4 {[%emt 0:00:30]} 6. Nxd4 {[%emt 0:00:30]} Bg7 {[%emt 0:00:30]} 7. Be3 {[%emt 0:00:30]} O-O {[%emt 0:00:30]} 8. Be2 {[%emt 0:00:30]} Re8 {[%emt 0:00:30]} 9. f3 {[%emt 0:00:30]} Nh5 {[%emt 0:00:30]} 10. Qd2 {[%emt 0:00:30]} d6 {[%emt 0:00:30]} 11. O-O-O {[%emt 0:00:30]} Nxd4 {[%emt 0:00:30]} 12. Bxd4 {[%emt 0:00:30]} Bxd4 {[%emt 0:00:30]} 13. Qxd4 {[%emt 0:00:30]} Qg5+ {[%emt 0:00:30]} 14. Qd2 {[%emt 0:00:30]} Qxd2+ {[%emt 0:00:30]} 15. Kxd2 {[%emt 0:00:30]} Be6 {[%emt 0:00:30]} 16. Nd5 {[%emt 0:00:30]} Bxd5 {[%emt 0:00:30]} 17. cxd5 {[%emt 0:00:30]} c5 {[%emt 0:00:30]} 18. dxc6 {[%emt 0:00:30]} bxc6 {[%emt 0:00:30]} 19. Rc1 {[%emt 0:00:30]} Nf4 {[%emt 0:00:30]} 20. Rc2 {[%emt 0:00:30]} 1/2-1/2

[Event "Winter CCCSA-GM 2020"]
[Site "Charlotte"]
[Date "2020.01.18"]
[Round "3.1"]
[White "Hong, Andrew"]
[Black "Mishra, Abhimanyu"]
[Result "1-0"]
[WhiteElo "2428"]
[BlackElo "2397"]
[Annotator "TA"]
[PlyCount "85"]
[EventDate "2020.01.17"]
[EventType "tourn"]
[EventCountry "USA"]
[SourceTitle "playchess.com"]
[Source "ChessBase"]
[SourceQuality "1"]

{[%evp 11,85,31,37,23,32,30,31,25,50,0,0,0,0,0,0,0,0,0,0,0,0,0,0,0,0,2,21,16,127,127,127,120,120,116,131,127,131,129,129,143,132,148,131,133,115,62,218,213,224,214,275,265,264,258,240,243,262,160,351,345,532,529,589,589,589,589,625,622,615,615,4710,4710,4618,4133,1425,1181]} 1. e4 c5 2. Nf3 e6 3. d4 cxd4 4. Nxd4 Nc6 5. Nc3 Qc7 6. Be3 a6 7. Qf3 {B48: Sicilian: Taimanov: 5 Nc3 Qc7 6 Be3 a6 without Be2} Nf6 8. O-O-O Ne5 9. Qg3 {White is slightly better.} b5 {next ...b4 is good for Black.} 10. a3 (10. f4 $5 {[%cal Rf4e5]} Neg4 11. Bg1 $14) 10... Bb7 11. Bxb5 Rc8 $1 (11... axb5 $6 12. Ndxb5 Qb8 13. Bb6 $16) (11... Nxe4 $6 12. Bxd7+ $1 {[%mdl 512]} Qxd7 13. Nxe4 $16) 12. Ba4 {Threatens to win with Bf4.} (12. Bf4 Nh5 $17) 12... Nxe4 13. Nxe4 Bxe4 14. Bf4 Qa5 15. Bxe5 {Hoping for Bxd7+!} Qxa4 {[#]} 16. Rd2 $146 f6 17. Bd6 $36 {[%mdl 2048] aiming for Re1. White is more active.} Kf7 $1 18. Re1 Bg6 $1 19. Ree2 e5 (19... Qc4 $11 {keeps the balance.}) 20. b3 $16 Qa5 21. Qh3 Rd8 22. b4 Qa4 23. Qb3+ Qxb3 24. Nxb3 Bf5 25. Nc5 Bxd6 26. Rxd6 a5 27. Nb7 Rc8 28. Rdd2 ({Resist} 28. bxa5 Be6 $14) (28. Nxa5 $16 Rc3 29. Kb2) 28... Rc3 $2 ({Black should try} 28... axb4 $1 $14 29. Nd6+ {[%mdl 64] Double Attack} Ke6) 29. Nd6+ $18 ({Weaker is} 29. bxa5 Be6 $11) 29... Kg6 {[#]} 30. Re3 $1 {[%cal Re3c3]} ({Inferior is} 30. bxa5 Be6 $15) 30... axb4 31. axb4 Rxe3 32. fxe3 {[%mdl 4096] Endgame KRB-KRN} Rb8 33. b5 {[%cal Bb4b5,Bb5b6][%mdl 32]} Be6 34. e4 Ra8 $2 (34... Kg5 $16 35. c4 g6) 35. c4 Ra4 (35... Rb8 {is a better defense.} 36. c5 h5) 36. b6 {White is clearly winning.} Bxc4 {Now ...Ba6 and Black clings on.} 37. b7 Rb4 {Black hopes to continue with ...Ba6.} 38. Rb2 Bb3 39. Kd2 Rxb7 40. Nxb7 Ba4 41. Rb4 Bc6 42. Nd8 Ba8 43. Ra4 {Accuracy: White = 91%, Black = 59%.} 1-0

[Event "Winter CCCSA-GM 2020"]
[Site "Charlotte"]
[Date "2020.01.18"]
[Round "3.2"]
[White "Yip, Carissa"]
[Black "Jacobson, Brandon"]
[Result "1/2-1/2"]
[WhiteElo "2418"]
[BlackElo "2470"]
[Annotator "TA"]
[PlyCount "20"]
[EventDate "2020.01.17"]
[EventType "tourn"]
[EventCountry "USA"]
[SourceTitle "playchess.com"]
[Source "ChessBase"]
[SourceQuality "1"]

{[%evp 19,20,0,44]} 1. e4 c5 2. Nf3 d6 3. d4 cxd4 4. Nxd4 Nf6 5. Nc3 a6 6. Be3 Ng4 7. Bc1 Nf6 8. Be3 Ng4 9. Bc1 Nf6 10. Be3 $146 ({Predecessor:} 10. Be2 e5 11. Nb3 Be7 12. Nd2 Nc6 13. Nc4 Nd4 14. Bd3 Bg4 15. f3 Be6 16. Ne3 O-O 17. O-O Nd7 18. Ncd5 Bg5 19. c3 Nc6 {0-1 (40) Topalov,V (2737)-Vachier Lagrave,M (2780) Jerusalem 2019}) 10... Ng4 1/2-1/2